Gibt es diesen "Drei ???"-Titel wirklich? - Sudden Death (Version 3) - Statistiken

Allgemein
  • Dieses Quiz wurde 72 mal gespielt
  • Das Durchschnittsergebnis liegt bei 6 aus 12
Answers on the Grid
Answers color-coded by a green-red scale on the quiz's grid according to % correct below.
Manuskript des Satans
Die falschen Detektive
Und die flüsternden Puppen
Geisterbucht
Gefährliches Quiz
Rufmord
Nacht in Angst
Die Karten des Bösen
Spuk im Hotel
Und der Zauberspiegel
Und die flüsternde Mumie
Und der Phantomsee
Und der lachende Totenkopf
Die Rache des Bösen
Und das Höhlenmonster
Und der Super-Delfin
Die Feder des Raben
Hörendes Auge
Die toten Bilder
Und der Stahlmann
 
Antwortstatistiken
Antwort % Korrekt
Rufmord
61%
Und die flüsternde Mumie
57%
Spuk im Hotel
54%
Geisterbucht
52%
Die Karten des Bösen
50%
Nacht in Angst
50%
Und die flüsternden Puppen
50%
Die falschen Detektive
48%
Und der Phantomsee
48%
Manuskript des Satans
46%
Und der Zauberspiegel
46%
Gefährliches Quiz
37%
Keine übereinstimmenden Quizze gefunden
Verteilung der Resultate
Anzahl Personen mit jedem Resultat
Perzentil nach korrekt beantworteten Fragen
Ihre Resultats-Entwicklung
Sie haben dieses Quiz noch nicht gespielt